000 00421nam a22001697a 4500
003 NUST - PNEC
005 20170116181012.0
008 150908b xxu||||| |||| 00| 0 eng d
020 _a-
040 _cLIBRARY
082 _a621.38173 YOU
100 _910277
_aYoung, Thomas
245 _aLinear integrated circuits
_cThomas Young
260 _c-
650 _910280
_aLinear integrated circuits
_xEL
942 _2ddc
_cBK
999 _c67153
_d67153